000 00872nam a2200265 a 4500
001 vtls001218315
003 NLI
005 20210603170836.0
008 120525s1971 ii s000 0 eng
039 9 _a201205252220
_bVLOAD
_y201203282056
_zVLOAD
040 0 _aNLI
_beng
_cDatasoft_IOD
_eAACR2
041 0 _aeng
044 _aii
082 0 4 _a369.43(54)
110 1 _aIndia.
_bMinistry of Education and Youth Services
_96160
245 1 0 _aNational Service Scheme :
_bSpotlight on its objectives and work /
_cMinistry of education and youth service
260 _aNew Delhi :
_bGovt of India Press,
_c1971
300 _a48 p. ;
_c28 cm.
650 0 _aCost and standard of living
_zIndia
_9194185
650 0 _aScouts and scouting
_zIndia
_9200429
887 _a
901 _a62225 date
_b31.8.1971
902 _aGP 369.43(54) I n 2 n
942 _2ddc
_cBKS
999 _aVIRTUA40
_c521925
_d521925